000 00662nam a2200205Ii 4500
003 JO-AjNU
008 230605s9999||||xx |||||||||||||| ||und||
040 _aJO-AjNU
_bara
_erda
_cJO-AjNU
041 _aara
050 1 4 _aBF128.A7.A2278
100 3 _aعبد الغفار، عبد السلام,
_eauthor
_941442
245 0 0 _aمقدمة في علم النفس العام
250 _aط2
264 3 1 _aبيروت:دار النهضة العربية للطباعة والنشر،د.ت
300 _a343ص
336 _atext
_btxt
_2rdacontent
337 _aunmediated
_bn
_2rdamedia
338 _avolume
_bnc
_2rdacarrier
650 4 _aعلم النفس
_941443
999 _aA17669
_c21237
_d21237